| 000 | 01372nam a22003855a 4500 | ||
|---|---|---|---|
| 006 | a||||fr|||| 00| 0 | ||
| 008 | 090106t 2006xxuab frb||| 001 0 eng d | ||
| 010 | _a 2004058169 | ||
| 020 | _a0071115951 | ||
| 020 | _a9780071118071 | ||
| 020 | _a0071118071 | ||
| 040 |
_aEG-SbBUE _beng _cEG-SbBUE |
||
| 082 | 0 | 4 |
_a658.049 _bHIL _222 |
| 100 | 1 |
_aHill, Charles W. L. _94435 |
|
| 245 | 1 | 0 |
_aGlobal business today / _cCharles W.L. Hill. |
| 250 | _a4th ed. | ||
| 260 |
_aBoston : _bMcGraw-Hill/Irwin, _cc.2006. |
||
| 260 | _bDistributer: Al-Ahram | ||
| 300 |
_axvii, 611 p. : _bcol. ill., col. maps ; _c26 cm. + _eCD-ROM (4 3/4 in.) |
||
| 500 | _aIndexes : p. 603-611. | ||
| 500 | _aGlossary : p. 559-568. | ||
| 504 | _aIncludes bibliographical references | ||
| 538 | _aSystem requirements for accompanying CD-ROM: PC Pentium based processor; Microsoft Windows 98/2000. | ||
| 590 | _aMenna Elemam | ||
| 650 | 0 |
_aInternational business enterprises _xManagement. _94436 _2BUEsh |
|
| 650 | 0 |
_aInternational trade. _94437 _2BUEsh |
|
| 650 | 0 |
_aInvestments, Foreign. _94438 _2BUEsh |
|
| 650 | 0 |
_aCapital market. _94439 _2BUEsh |
|
| 650 | 0 |
_aFinancial crises _2BUEsh |
|
| 650 | 0 |
_aInternational finance _2BUEsh |
|
| 650 | 0 |
_aInternational business enterprises _2BUEsh |
|
| 651 | _2BUEsh | ||
| 653 |
_bBUSADM _cAugust2015 |
||
| 942 |
_cBB _k658.049 HIL _2ddc |
||
| 999 |
_c6873 _d6873 |
||